[Event "Manavgat Turkey Cup"]
[Site "Manavgat"]
[Date "2016.01.30"]
[Round "1"]
[White "Ozenc, Bugrahan Hamza"]
[Black "Dogdu, Mehmet"]
[Result "0-1"]
[WhiteElo "1491"]
[BlackElo "2043"]
[PlyCount "146"]
[EventDate "2016.01.30"]
[EventType "swiss"]
[EventRounds "11"]
[EventCountry "TUR"]
[SourceTitle "CBM 170 Extra"]
[Source "ChessBase"]
[SourceDate "2016.02.25"]
[SourceVersion "1"]
[SourceVersionDate "2016.02.25"]
[SourceQuality "1"]

1. d4 Nf6 2. Nf3 g6 3. Bf4 Bg7 4. e3 0-0 5. Be2 d5 6. h3 Nbd7 7. c4 c5 8. Nc3 cxd4 9. exd4 dxc4 10. Bxc4 Nb6 11. Bb3 Nbd5 12. Be5 Nxc3 13. bxc3 Qa5 14. 0-0 Qxc3 15. Rc1 Qa5 16. Bc7 b6 17. Ne5 Bb7 18. a4 Rac8 19. Re1 Ba8 20. Nxf7 Rxf7 21. Bxf7+ Kxf7 22. Qe2 Re8 23. Qe6+ Kf8 24. Bd8 Qb4 25. Rc8 Be4 26. Kh2 Qd6+ 27. Qxd6 exd6 28. Bxf6 Rxc8 29. Bxg7+ Kxg7 30. Rxe4 Rc7 31. d5 Rc2 32. Kg3 Rd2 33. Rc4 a5 34. Rc7+ Kf6 35. Rxh7 Rxd5 36. Rb7 Rd3+ 37. f3 Rb3 38. Rd7 Ke6 39. Rg7 Kf6 40. Rd7 Rd3 41. Rb7 Rb3 42. Rd7 Ke5 43. Rg7 d5 44. Rxg6 d4 45. Rg5+ Kd6 46. Rg8 b5 47. axb5 Rxb5 48. h4 Kc5 49. h5 Kc4 50. h6 Rh5 51. Ra8 Kb4 52. Rd8 Kc3 53. Ra8 d3 54. Rc8+ Kd2 55. Ra8 Ke1 56. Kg4 Rxh6 57. Rxa5 Rg6+ 58. Kh3 Rh6+ 59. Kg3 Rg6+ 60. Kh3 d2 61. Re5+ Kf2 62. Rd5 Ke2 63. f4 d1Q 64. Rxd1 Kxd1 65. f5 Rg8 66. g4 Ke2 67. Kh4 Kf3 68. f6 Kf4 69. Kh5 Ke5 70. g5 Ke6 71. Kh6 Kf7 72. Kh5 Rh8+ 73. Kg4 Kg6 0-1